000 00942cam a2200229 4500
001 WB3807-23
008 020219n2002 000 0 eng u
035 _a(Sirsi) u116752
245 _aEstate agent banned
260 _c2002
490 _aOFT Press Release
_v(09/02) 14 February 2002, (2)
520 _aOffice of fair trading bans estate agent Lee Dale Patterson from estate agency work. This demonstrates the willingness of the OFT to use its powers when there is evidence demonstrating that someone is unfit to be an estate agent. Mr Patterson had been convicted at Northampton Crown Court in November 1999 of an offence of conspiracy to defraud.
590 _aWB
650 _aOFT
650 _aESTATE AGENTS ACT 1979
650 _aESTATE AGENCIES
650 _aTRADING STANDARDS
650 _aPROHIBITION ORDER
650 _aHOUSING MARKET
690 _aMANAGEMENT-BUSINESS MANAGEMENT-PROFESSIONAL PRACTICE
942 _n0
999 _c69537
_d69537